MARC

LEADER 00000nam0a2200000 4500
001 310932
005 20231102002333.0
020 |a RU  |b 82-18524 
035 |a (RuTPU)RU\TPU\book\336287 
090 |a 310932 
100 |a 20151201d1982 m y0rusy5003 ca 
101 0 |a rus 
102 |a RU 
105 |a a j 001zy 
200 1 |a Черчение  |e учебник для строительных техникумов  |f Н. С. Брилинг 
210 |a Москва  |c Стройиздат  |d 1982 
215 |a 471 с.  |c ил. 
320 |a Библиогр.: с. 464 
606 1 |a Техническое черчение  |2 stltpush  |3 (RuTPU)RU\TPU\subj\60140  |9 77629 
610 1 |a учебники 
610 1 |a чертежи 
610 1 |a графическое оформление 
610 1 |a построение 
610 1 |a начертательная геометрия 
610 1 |a проекционное черчение 
610 1 |a точки 
610 1 |a прямые 
610 1 |a плоскости 
610 1 |a поверхности 
610 1 |a аксонометрические проекции 
610 1 |a преобразование 
610 1 |a пересечения 
610 1 |a изображения 
610 1 |a разъемные соединения 
610 1 |a неразъемные соединения 
610 1 |a детали 
610 1 |a техническое рисование 
610 1 |a перспектива 
610 1 |a перспектива 
610 1 |a тени 
610 1 |a строительное черчение 
610 1 |a топографическое черчение 
675 |a 744(075.3)  |z rus  |v 3 
700 1 |a Брилинг  |b Н. С.  |g Николай Сергеевич  |4 070 
801 0 |a RU  |b RuMRKP  |c 19950704  |g psbo 
801 1 |a RU  |b 63413507  |c 20151201 
801 2 |a RU  |b 63413507  |c 20191014  |g RCR 
942 |c BK